Public sectors accounting& finance made simple (Record no. 3835)

MARC details
000 -LEADER
fixed length control field 00442nam a22001577a 4500
008 - FIXED-LENGTH DATA ELEMENTS--GENERAL INFORMATION
fixed length control field 250610b |||||||| |||| 00| 0 eng d
020 ## - INTERNATIONAL STANDARD BOOK NUMBER
ISBN 9789789042166
100 ## - MAIN ENTRY--AUTHOR
Author Adams Rasheed Alimi
245 ## - TITLE STATEMENT
Title Public sectors accounting& finance made simple
250 ## - EDITION STATEMENT
Edition statement 3rd
260 ## - PUBLICATION, DISTRIBUTION, ETC. (IMPRINT)
Place of publication Lagos
Name of publisher Corporate publishers ventures
Date of publication 2014
300 ## - COLLATION
Pagination 630p
650 ## - TRACINGS
Main Subject Finance public-Nigeria
Subdivision (1st) Accounting
942 ## - ADDED ENTRY ELEMENTS (KOHA)
Item type Books
050 ## - LIBRARY OF CONGRESS CALL NUMBER
Classification number HJ 9929
Item number .A 33
Holdings
Source of classification or shelving scheme Not for loan Permanent location Current location Date acquired Accession No. Full call number Barcode. Koha item type
Dewey Decimal Classification   Samuel Ogbemudia Main Library, University of Abuja Samuel Ogbemudia Main Library, University of Abuja 06/10/2025 2023/61305 HJ 9929 .A 33 2025-2475 Books